équipes LFL par logo - Statistiques

Statistiques générales
  • Ce quiz a été pris 50 fois
  • Le résultat moyen est 8 sur 9
Statistiques - réponses
Par images Réponse % Correct
Gentle mates
100%
BDS Academy
98%
Karmine Corp Blue
98%
Vitality Bee
98%
Team Du Sud
95%
Team Go
90%
Aegis
83%
BK Rog
81%
Gameward
76%
Aucun quiz correspondant
Distribution des résultats
% des personnes avec chaque résultat
Percentile par nombre de réponses
Votre historique - résultats
Vous n’avez pas pris ce quiz